[Event "23rd Abu Dhabi Masters"]
[Site "Abu Dhabi UAE"]
[Date "2016.08.27"]
[Round "7.21"]
[White "Laxman, R.R."]
[Black "Azarov, Sergei"]
[Result "1/2-1/2"]
[WhiteTitle "GM"]
[BlackTitle "GM"]
[WhiteElo "2374"]
[BlackElo "2581"]
[WhiteFideId "5005361"]
[BlackFideId "13501470"]
[EventDate "2016.08.21"]

1. d4 d5 2. c4 e6 3. Nf3 Nf6 4. g3 dxc4 5. Bg2 a6 6. O-O Nc6 7. e3 Bd7 8. Qe2
Bd6 9. Qxc4 O-O 10. Rd1 Rb8 11. Qe2 e5 12. dxe5 Nxe5 13. Nxe5 Bxe5 14. Nc3 Qc8
15. e4 Re8 16. f3 Bh3 17. Be3 Bxg2 18. Kxg2 Qe6 19. Bd4 Rbd8 20. Bxe5 Qxe5 21.
Rxd8 Rxd8 22. Rd1 Rxd1 23. Qxd1 h5 24. Qd8+ Kh7 25. Qd3 g6 26. f4 Qc5 27. h3 c6
28. e5 Nd5 29. Nxd5 cxd5 30. f5 d4 31. Qe4 Qb4 32. fxg6+ fxg6 33. b3 Qd2+ 34.
Kf3 Qc3+ 35. Kf2 d3 36. Qxb7+ Kh6 37. Qf3 Qd2+ 38. Kf1 Qc1+ 39. Kf2 d2 40. Qf8+
Kh7 41. Qf7+ Kh8 42. Qf8+ Kh7 43. Qf7+ Kh8 44. Qf8+ 1/2-1/2

[Event "23rd Abu Dhabi Masters"]
[Site "Abu Dhabi UAE"]
[Date "2016.08.27"]
[Round "7.22"]
[White "Antipov, Mikhail Al."]
[Black "Sarkar, Justin"]
[Result "1-0"]
[WhiteTitle "GM"]
[BlackTitle "IM"]
[WhiteElo "2565"]
[BlackElo "2434"]
[WhiteFideId "4107012"]
[BlackFideId "2010011"]
[EventDate "2016.08.21"]

1. Nf3 d5 2. c4 d4 3. e3 Nc6 4. Nxd4 Nxd4 5. exd4 Qxd4 6. Nc3 c6 7. d3 Nh6 8.
Be2 Nf5 9. g4 Nh4 10. Rg1 h5 11. gxh5 Qe5 12. Rg3 Nf5 13. d4 Qxd4 14. Rd3 Qb6
15. Bf4 e5 16. Bxe5 Be6 17. Qd2 f6 18. Bf4 Bxc4 19. O-O-O Be7 20. Bg4 Nh6 21.
Re3 Rd8 22. Bd6 Qxe3 23. Qxe3 Rxd6 24. Rxd6 Nxg4 25. Qe4 Ne5 26. Rd4 Bf7 27. Qf5 1-0

[Event "23rd Abu Dhabi Masters"]
[Site "Abu Dhabi UAE"]
[Date "2016.08.27"]
[Round "7.23"]
[White "Vaibhav, Suri"]
[Black "Pascua, Haridas"]
[Result "1/2-1/2"]
[WhiteTitle "GM"]
[BlackTitle "IM"]
[WhiteElo "2556"]
[BlackElo "2404"]
[WhiteFideId "5045185"]
[BlackFideId "5203953"]
[EventDate "2016.08.21"]

1. d4 Nf6 2. Nf3 g6 3. Bg5 Bg7 4. Nbd2 d5 5. e3 O-O 6. Bd3 Bg4 7. h3 Bxf3 8.
Nxf3 Nbd7 9. O-O Re8 10. c4 e5 11. dxe5 Nxe5 12. Nxe5 Rxe5 13. Bf4 Re7 14. Qb3
c6 15. Rfd1 Qb6 16. Qc2 dxc4 17. Bxc4 Rd8 18. Rab1 Red7 19. Bb3 Qb4 20. Be5
Rxd1+ 21. Rxd1 Rxd1+ 22. Qxd1 Qe7 23. Qd4 c5 24. Bd6 cxd4 25. Bxe7 dxe3 26. fxe3
b6 27. Bc4 Nd7 28. Bb5 Bf6 29. Ba3 Nc5 30. Kf1 Kf8 31. Ke2 Be7 32. b4 Ne6 33.
Bc4 Nc7 34. Kd3 b5 35. Bb3 a5 36. Bb2 a4 37. Bd1 Bxb4 38. Be5 Na6 39. Bf3 Bc5
40. Bc3 Nb4+ 41. Bxb4 Bxb4 42. Bc6 a3 43. Bxb5 1/2-1/2

[Event "23rd Abu Dhabi Masters"]
[Site "Abu Dhabi UAE"]
[Date "2016.08.27"]
[Round "7.24"]
[White "Ziska, Helgi Dam"]
[Black "Krishna, C R G"]
[Result "0-1"]
[WhiteTitle "IM"]
[BlackTitle "IM"]
[WhiteElo "2546"]
[BlackElo "2401"]
[WhiteFideId "7200595"]
[BlackFideId "5018625"]
[EventDate "2016.08.21"]

1. Nf3 d5 2. g3 c6 3. Bg2 Bg4 4. d3 Nd7 5. h3 Bxf3 6. Bxf3 e6 7. O-O Bd6 8. e4
Ne7 9. Bg2 O-O 10. Qe2 a5 11. Kh1 Qb6 12. f4 dxe4 13. dxe4 Bc5 14. a4 Rad8 15.
Nd2 Qa7 16. Nf3 Rfe8 17. Bd2 e5 18. f5 Nc8 19. g4 Nf6 20. Ne1 Rxd2 21. Qxd2 Be3
22. Qd3 h5 23. Qe2 hxg4 24. hxg4 Nd6 25. Ra3 Bg5 26. Rd3 Qc5 27. b3 Kf8 28. Rh3
Qb4 29. Nd3 Qd4 30. Nf2 Ke7 31. Rd1 Qc5 32. c4 Rd8 33. Rhd3 Rh8+ 34. Kg1 Nde8
35. Kf1 Rh4 36. Rh3 Rxh3 37. Nxh3 Be3 38. g5 Nd7 39. Qh5 Bd4 40. g6 f6 41. Qe2
Qa3 42. Rb1 Nc5 43. Qc2 Na6 44. Ng1 Nb4 45. Qd2 Nd6 46. Ne2 Bc5 47. Qb2 Qxb2 48.
Rxb2 Nd3 49. Rd2 Nb4 50. Ng3 Be3 51. Re2 Bf4 52. Nh5 Bh6 53. Ke1 c5 54. Rb2 Nd3+
55. Kd1 Nxb2+ 56. Kc2 Nbxc4 57. bxc4 Nxc4 58. Kb3 Nd6 59. Ng3 c4+ 60. Kc2 Kd7
61. Ne2 Kc6 62. Nc3 Kc5 63. Nd5 Kd4 64. Nb6 c3 65. Nd5 Nc4 66. Kb3 Ne3 67. Nxe3
Bxe3 68. Kc2 Bd2 69. Bf3 Ke3 70. Bg2 Be1 71. Bh1 b6 72. Bg2 Kd4 73. Bf3 Kc5 74.
Be2 Kd4 75. Bf3 Bf2 76. Bg2 Be3 77. Bf3 Kc4 78. Be2+ Kb4 79. Bb5 Bc5 80. Bc6 Kc4
81. Bd5+ Kd4 82. Bc6 b5 83. axb5 a4 84. b6 Bxb6 85. Bxa4 Kxe4 86. Kxc3 Kxf5 87.
Be8 Kf4 88. Kd3 e4+ 89. Ke2 Ke5 0-1

[Event "23rd Abu Dhabi Masters"]
[Site "Abu Dhabi UAE"]
[Date "2016.08.27"]
[Round "7.25"]
[White "Kunal, M."]
[Black "Golubov, Saveliy"]
[Result "1/2-1/2"]
[BlackTitle "IM"]
[WhiteElo "2302"]
[BlackElo "2481"]
[WhiteFideId "5018250"]
[BlackFideId "24176729"]
[EventDate "2016.08.21"]

1. e4 e5 2. Nf3 Nc6 3. Bb5 a6 4. Ba4 Nf6 5. O-O Be7 6. Re1 b5 7. Bb3 d6 8. c3
O-O 9. d4 Bg4 10. Be3 exd4 11. cxd4 Na5 12. Nbd2 Nxb3 13. axb3 c5 14. h3 Bh5 15.
g4 Bg6 16. Nh4 Nd7 17. Nf5 Bf6 18. Nf3 Bxf5 19. exf5 Re8 20. Qd2 h6 21. Bf4 Qb6
22. d5 c4 23. b4 Rxe1+ 24. Rxe1 Rc8 25. Re3 Qb7 26. h4 Nb6 27. g5 Nxd5 28. gxf6
Nxf4 29. Qxd6 Nd5 30. fxg7 Nxe3 31. Qxh6 f6 32. Qh8+ Kf7 33. Qh7 Rg8 34. Ng5+
Ke7 35. fxe3 Qd5 36. Ne6 Qd1+ 37. Kf2 Qd2+ 38. Kf3 Qd1+ 39. Kf2 Qd2+ 1/2-1/2

[Event "23rd Abu Dhabi Masters"]
[Site "Abu Dhabi UAE"]
[Date "2016.08.27"]
[Round "7.26"]
[White "Lei, Tingjie"]
[Black "Tania, Sachdev"]
[Result "1/2-1/2"]
[WhiteTitle "WGM"]
[BlackTitle "IM"]
[WhiteElo "2480"]
[BlackElo "2396"]
[WhiteFideId "8605114"]
[BlackFideId "5007844"]
[EventDate "2016.08.21"]

1. d4 Nf6 2. c4 e6 3. g3 d5 4. Nf3 dxc4 5. Bg2 c5 6. O-O Nc6 7. Qa4 Bd7 8. Qxc4
b5 9. Qc3 cxd4 10. Nxd4 Nxd4 11. Qxd4 Rc8 12. Bf4 Bc5 13. Qd3 Qb6 14. Nd2 O-O
15. Ne4 Nxe4 16. Bxe4 Rfd8 17. Bxh7+ Kh8 18. Be4 Bc6 19. Qf3 Bxe4 20. Qxe4 f6
21. Rab1 e5 22. Bc1 Bxf2+ 23. Rxf2 Rd1+ 24. Kg2 Rcxc1 25. Rxc1 Rxc1 26. Qa8+ Kh7
27. Qe4+ Kh8 28. Qa8+ Kh7 29. Qe4+ 1/2-1/2

[Event "23rd Abu Dhabi Masters"]
[Site "Abu Dhabi UAE"]
[Date "2016.08.27"]
[Round "7.27"]
[White "Puranik, Abhimanyu"]
[Black "Girish, A. Koushik"]
[Result "1-0"]
[WhiteTitle "IM"]
[BlackTitle "IM"]
[WhiteElo "2469"]
[BlackElo "2399"]
[WhiteFideId "5061245"]
[BlackFideId "5038448"]
[EventDate "2016.08.21"]

1. e4 c5 2. Nc3 d6 3. d4 cxd4 4. Qxd4 Nc6 5. Bb5 Bd7 6. Bxc6 Bxc6 7. Nge2 Nf6 8.
Bg5 Qa5 9. Qd2 e6 10. O-O-O Be7 11. Bxf6 Bxf6 12. Qxd6 Rd8 13. Qg3 Rc8 14. Kb1
O-O 15. Nd4 Qc5 16. Qe3 b5 17. Nxc6 Rxc6 18. Qxc5 Rxc5 19. Ne2 Rfc8 20. Rd2 b4
21. Rhd1 h5 22. Nc1 Rc4 23. Re2 a5 24. b3 R4c6 25. e5 Bg5 26. Rd7 R8c7 27. Rxc7
Rxc7 28. Nd3 Rd7 29. Re4 Kf8 30. Rc4 Bd8 31. Kb2 Bb6 32. a3 Bd4+ 33. Ka2 bxa3
34. Kxa3 g5 35. Rc8+ Kg7 36. Rc6 Kf8 37. Ka4 Ke7 38. Ra6 Bc3 39. Rc6 Bd4 40. f3
h4 41. h3 Rd5 42. c4 Rd7 43. Rd6 Rxd6 44. exd6+ Kxd6 45. Kxa5 e5 46. Kb5 f5 47.
c5+ Kd5 48. c6 Kd6 49. Nxe5 Bxe5 50. Kb6 g4 51. fxg4 fxg4 52. hxg4 Ke7 53. b4
Kf6 54. b5 Kg5 55. c7 Bxc7+ 56. Kxc7 Kxg4 57. b6 Kg3 58. b7 Kxg2 59. b8=Q h3 60.
Qg8+ Kh1 61. Qd5+ Kg1 62. Qg5+ Kh1 63. Qf5 Kg2 64. Qg4+ Kh2 65. Kd6 1-0

[Event "23rd Abu Dhabi Masters"]
[Site "Abu Dhabi UAE"]
[Date "2016.08.27"]
[Round "7.28"]
[White "Igonin, Temur"]
[Black "Abhishek, Kelkar"]
[Result "0-1"]
[WhiteTitle "IM"]
[BlackTitle "IM"]
[WhiteElo "2466"]
[BlackElo "2380"]
[WhiteFideId "14203049"]
[BlackFideId "5019257"]
[EventDate "2016.08.21"]

1. e4 c5 2. Nf3 Nc6 3. d4 cxd4 4. Nxd4 g6 5. c4 Nf6 6. Nc3 d6 7. f3 Nxd4 8. Qxd4
Bg7 9. Be3 O-O 10. Qd2 a5 11. Rd1 a4 12. e5 Ne8 13. exd6 Be6 14. c5 exd6 15. Nb5
Bxa2 16. cxd6 Bb3 17. Rc1 Qh4+ 18. g3 Qf6 19. d7 Rd8 20. Rc8 Rxd7 21. Qxd7 Be6
22. Qxe8 Bxc8 23. Qe4 Qxb2 24. Qxa4 Re8 25. Qf4 Be5 26. Qc4 Bxg3+ 27. Kd1 Be6
28. Bc1 Rd8+ 29. Bd3 Rxd3+ 0-1

[Event "23rd Abu Dhabi Masters"]
[Site "Abu Dhabi UAE"]
[Date "2016.08.27"]
[Round "7.29"]
[White "Muthaiah, AL"]
[Black "Illingworth, Max"]
[Result "0-1"]
[BlackTitle "GM"]
[WhiteElo "2289"]
[BlackElo "2458"]
[WhiteFideId "5092442"]
[BlackFideId "3205207"]
[EventDate "2016.08.21"]

1. Nf3 d5 2. g3 g6 3. Bg2 Bg7 4. O-O e5 5. d3 Ne7 6. e4 O-O 7. Nbd2 Nbc6 8. b3
h6 9. Bb2 d4 10. Qe2 Be6 11. c3 Qd7 12. cxd4 exd4 13. Ne1 f5 14. f4 fxe4 15.
Nxe4 b6 16. Nc2 Nd5 17. Rae1 Rae8 18. Qf3 Kh8 19. Nf2 Rd8 20. Re2 g5 21. Rfe1 g4
22. Qe4 Bf5 23. Qxd5 Qxd5 24. Bxd5 Rxd5 25. Ba3 Rfd8 26. Nb4 Nxb4 27. Bxb4 c5
28. Bd2 Bf6 29. Re8+ Kg7 30. Rxd8 Rxd8 31. Ne4 a5 32. Kf2 Kf7 33. Ke2 Be7 34.
Kd1 Ra8 35. a4 h5 36. Kc2 h4 37. Re2 Rh8 38. Be1 hxg3 39. hxg3 Be6 40. Bd2 Bf5
41. Be1 Rh6 42. Bd2 Ke8 43. Be1 Kd7 44. Nd2 Bd6 45. Ne4 Bc7 46. Kd2 Be6 47. Kc2
Bd8 48. Bd2 Bf5 49. Be1 Re6 50. Bd2 Kc6 51. Kd1 b5 52. axb5+ Kxb5 53. Kc2 Be7
54. Re1 a4 55. Nf2 axb3+ 56. Kxb3 Kc6 57. Rxe6+ Bxe6+ 58. Kc2 Bd8 59. Bc1 Kd5
60. Bd2 Bb6 61. Kd1 Bf5 62. Ke2 c4 63. dxc4+ Kxc4 64. Ke1 Kb3 65. Ke2 Kc2 66.
Ke1 Bc5 67. Ba5 Ba3 68. Bd2 Bc1 69. Bxc1 Kxc1 70. Nd1 Kc2 71. Nf2 d3 72. Kf1 Kd2
73. Kg1 Ke2 74. Kg2 d2 0-1

[Event "23rd Abu Dhabi Masters"]
[Site "Abu Dhabi UAE"]
[Date "2016.08.27"]
[Round "7.30"]
[White "Thejkumar, M. S."]
[Black "Siva, Mahadevan"]
[Result "1-0"]
[WhiteTitle "IM"]
[BlackTitle "IM"]
[WhiteElo "2445"]
[BlackElo "2352"]
[WhiteFideId "5009154"]
[BlackFideId "25043153"]
[EventDate "2016.08.21"]

1. d4 Nf6 2. Nf3 e6 3. c4 b6 4. g3 Ba6 5. b3 Bb7 6. Bg2 Bb4+ 7. Bd2 c5 8. d5
exd5 9. Nh4 Bxd2+ 10. Qxd2 Ne4 11. Qf4 Qf6 12. Qxf6 Nxf6 13. Nc3 g6 14. O-O Na6
15. Rfd1 Nc7 16. cxd5 d6 17. e4 O-O-O 18. a4 Rhe8 19. f4 a6 20. Re1 b5 21. Rad1
h5 22. h3 Re7 23. Kf2 Rde8 24. e5 b4 25. Ne4 Nxe4+ 26. Bxe4 Rd7 27. e6 Rde7 28.
exf7 Rxf7 29. Nxg6 Kd8 30. g4 hxg4 31. hxg4 Rxe4 32. Rxe4 Nxd5 33. f5 Nc3 34.
Rxd6+ Kc7 35. Ree6 Ne4+ 36. Rxe4 Bxe4 37. Rd2 Rd7 38. Re2 Bd3 39. Rb2 Be4 40.
Ke3 Bd5 41. Kf4 Rh7 42. Ke5 Kc6 43. f6 Bf7 44. Ne7+ Kd7 45. Nf5 Rh3 46. g5 Rxb3
47. g6 Rxb2 48. gxf7 Re2+ 49. Kd5 Re8 50. fxe8=Q+ Kxe8 51. Ke6 b3 52. f7+ Kf8
53. Kf6 b2 54. Ng7 b1=Q 55. Ne6# 1-0

[Event "23rd Abu Dhabi Masters"]
[Site "Abu Dhabi UAE"]
[Date "2016.08.27"]
[Round "7.32"]
[White "Kulkarni, Rakesh"]
[Black "Savanovic, Aleksandar"]
[Result "0-1"]
[BlackTitle "IM"]
[WhiteElo "2316"]
[BlackElo "2440"]
[WhiteFideId "5037077"]
[BlackFideId "914932"]
[EventDate "2016.08.21"]

1. e4 e5 2. Nf3 Nc6 3. d4 exd4 4. Nxd4 Bc5 5. Nb3 Bb6 6. Nc3 d6 7. Qe2 Nf6 8.
Be3 Qe7 9. O-O-O Bxe3+ 10. Qxe3 a6 11. f3 Be6 12. g4 h6 13. h3 Bxb3 14. axb3
O-O-O 15. Bc4 Ne5 16. Qa7 Nc6 17. Qf2 Kb8 18. Rhe1 g5 19. f4 gxf4 20. Qxf4 Ne5
21. Rf1 Nfd7 22. Qg3 h5 23. g5 h4 24. Qf4 Rdg8 25. Rg1 Nb6 26. Be2 Rg6 27. Rg2
Qd8 28. Rdg1 Nbd7 29. Nd5 Nc5 30. Qf5 Ne6 31. c3 c6 32. Nf4 Nxf4 33. Qxf4 Qe7
34. Kc2 Re6 35. Bg4 Ng6 36. Qf2 Rxe4 37. Qd2 Re5 38. Be2 Re3 39. Bg4 Nf4 40. Rh2
Qe4+ 41. Kc1 d5 42. Qd4 Qxd4 43. cxd4 Rg8 44. Rf1 Re4 45. Kc2 Rxg5 46. Rhf2 f5
47. Rxf4 fxg4 48. Rf8+ Ka7 49. hxg4 Rgxg4 50. R1f7 Rxd4 51. Rh8 a5 52. Rhh7 Rb4
53. Rh6 Rg2+ 54. Kb1 Rxb3 55. Rxc6 Rbxb2+ 56. Ka1 Rbf2 0-1

[Event "23rd Abu Dhabi Masters"]
[Site "Abu Dhabi UAE"]
[Date "2016.08.27"]
[Round "7.33"]
[White "Vignesh, N R"]
[Black "Antonio, Viani D'cunha"]
[Result "1/2-1/2"]
[WhiteTitle "IM"]
[WhiteElo "2423"]
[BlackElo "2346"]
[WhiteFideId "25012215"]
[BlackFideId "5027330"]
[EventDate "2016.08.21"]

1. d4 Nf6 2. c4 g6 3. Nf3 Bg7 4. g3 d6 5. Bg2 O-O 6. Nc3 Nbd7 7. O-O e5 8. e4
exd4 9. Nxd4 a6 10. a4 Rb8 11. h3 Re8 12. Be3 Ne5 13. b3 Bd7 14. f4 Nc6 15. Re1
Qc8 16. Kh2 h5 17. Nxc6 bxc6 18. Bd4 h4 19. g4 Bxg4 20. hxg4 Qxg4 21. Kg1 Qxf4
22. Rf1 Qg5 23. Qf3 h3 24. Qxh3 Ng4 25. Ne2 Bxd4+ 26. Nxd4 Kg7 27. Rxf7+ Kxf7
28. Qh7+ Kf8 29. Rf1+ Nf6 30. Nxc6 Rxb3 31. Qh8+ Kf7 32. Qh7+ Kf8 33. Qh8+ Kf7
34. Qh7+ Kf8 1/2-1/2

[Event "23rd Abu Dhabi Masters"]
[Site "Abu Dhabi UAE"]
[Date "2016.08.27"]
[Round "7.34"]
[White "Shyaamnikhil, P"]
[Black "Aradhya, Garg"]
[Result "1-0"]
[WhiteTitle "IM"]
[WhiteElo "2421"]
[BlackElo "2262"]
[WhiteFideId "5024218"]
[BlackFideId "25006746"]
[EventDate "2016.08.21"]

1. e4 e5 2. Nf3 Nc6 3. Bb5 a6 4. Bxc6 dxc6 5. d4 exd4 6. Qxd4 Qxd4 7. Nxd4 Bd7
8. Nc3 O-O-O 9. Be3 c5 10. Nde2 b6 11. O-O-O Ne7 12. Bf4 Bc6 13. Rxd8+ Kxd8 14.
Bg3 b5 15. Nf4 b4 16. Rd1+ Kc8 17. Ncd5 Nxd5 18. Nxd5 Bd6 19. e5 Bxd5 20. Rxd5
Be7 21. c4 bxc3 22. bxc3 h5 23. f4 Rh6 24. Bf2 Rg6 25. g3 h4 26. c4 hxg3 27.
hxg3 Rb6 28. Be1 f6 29. exf6 Rxf6 30. Bf2 Rg6 31. Kc2 Kb7 32. Kd3 Kc6 33. Ke4
Rh6 34. Kf3 Rh1 35. Re5 Bd6 36. Re1 Rh8 37. Re2 Rb8 38. Be1 Rb1 39. Bc3 g6 40.
Kg4 Rc1 41. Re3 Rc2 42. a3 Be7 43. Rxe7 Rxc3 44. Re6+ Kb7 45. Rxg6 Rxc4 46. Re6
Ra4 47. Re3 Kc6 48. Kf5 Kd5 49. g4 c4 50. g5 Kd4 51. Rg3 c3 52. g6 Rxa3 53. g7
c2 54. Rg1 c1=Q 55. Rxc1 Rg3 56. Rxc7 a5 57. Kf6 Rg4 58. f5 Kd5 1-0

[Event "23rd Abu Dhabi Masters"]
[Site "Abu Dhabi UAE"]
[Date "2016.08.27"]
[Round "7.35"]
[White "Karavade, Eesha"]
[Black "Rayes, Abdul Kader"]
[Result "1-0"]
[WhiteTitle "IM"]
[WhiteElo "2415"]
[BlackElo "2254"]
[WhiteFideId "5012600"]
[BlackFideId "7600801"]
[EventDate "2016.08.21"]

1. Nf3 Nf6 2. c4 e6 3. g3 d5 4. Bg2 Nbd7 5. Qc2 Be7 6. d4 O-O 7. O-O c6 8. Nbd2
b6 9. e4 Bb7 10. e5 Ne8 11. cxd5 cxd5 12. Re1 Qc7 13. Qa4 Qc6 14. Qd1 Ba6 15.
Nf1 Rc8 16. Bd2 Nc7 17. Qb1 Rfd8 18. Ne3 Ne8 19. h4 Nf8 20. a4 Qd7 21. b4 Bc4
22. b5 Rc7 23. Rc1 Rdc8 24. Nxc4 Rxc4 25. Bf1 Rxc1 26. Bxc1 Rc3 27. Bd3 f6 28.
Bd2 Ra3 29. Rxa3 Bxa3 30. g4 Qc7 31. Qe1 Be7 32. Kg2 Bd8 33. Kf1 Qf7 34. Kg2 Bc7
35. h5 Nd7 36. Bf4 fxe5 37. Bxh7+ Kh8 38. Bxe5 Nxe5 39. Nxe5 Bxe5 40. Bg6 Qf4
41. Qxe5 Qxg4+ 42. Qg3 Qxg3+ 43. Kxg3 Nf6 44. Kf4 Kg8 45. Ke5 Ng4+ 46. Kxe6 Nxf2
47. Kxd5 Kf8 48. Kc6 Ke7 49. Kb7 Nd1 50. Kxa7 Nc3 51. Kxb6 Nxa4+ 52. Kc7 Ke6 53.
b6 Nxb6 54. Kxb6 Kd5 55. Kc7 Kxd4 56. Kd6 Ke3 57. Ke6 Kf4 58. Kf7 1-0

[Event "23rd Abu Dhabi Masters"]
[Site "Abu Dhabi UAE"]
[Date "2016.08.27"]
[Round "7.37"]
[White "Eggleston, David J"]
[Black "Sidhant, Mohapatra"]
[Result "1/2-1/2"]
[WhiteTitle "IM"]
[WhiteElo "2384"]
[BlackElo "2259"]
[WhiteFideId "412120"]
[BlackFideId "5028698"]
[EventDate "2016.08.21"]

1. e4 c5 2. Nf3 d6 3. Bb5+ Nd7 4. O-O Nf6 5. Re1 a6 6. Bd3 e5 7. c3 Be7 8. Bc2
b5 9. d4 O-O 10. Nbd2 Qc7 11. Nf1 Bb7 12. Ng3 Rfe8 13. d5 Bf8 14. h3 c4 15. Nh2
g6 16. Ng4 Nxg4 17. hxg4 Qd8 18. Be3 Qh4 19. g5 h6 20. Qd2 hxg5 21. Bxg5 Qh8 22.
Be3 Qh4 23. Bg5 Qh8 24. a4 Bg7 25. Ra3 Bf6 26. Rea1 Bxg5 27. Qxg5 Qf6 28. Qg4
Nb6 29. axb5 axb5 30. Ra7 Rxa7 31. Rxa7 Bc8 32. Nh5 Qd8 33. Qf3 Nd7 34. Ng3 Qb6
35. Qe3 Qxe3 36. fxe3 Nc5 37. Nf1 Bd7 38. Nd2 Rc8 1/2-1/2

[Event "23rd Abu Dhabi Masters"]
[Site "Abu Dhabi UAE"]
[Date "2016.08.27"]
[Round "7.38"]
[White "Sankalp, Gupta"]
[Black "Omar, Noaman"]
[Result "1-0"]
[BlackTitle "IM"]
[WhiteElo "1990"]
[BlackElo "2377"]
[WhiteFideId "5097010"]
[BlackFideId "9300244"]
[EventDate "2016.08.21"]

1. e4 e6 2. d4 d5 3. exd5 exd5 4. c4 Nf6 5. Nc3 Be7 6. cxd5 Nxd5 7. Bd3 Nc6 8.
Nge2 O-O 9. O-O Re8 10. a3 Nxc3 11. bxc3 Bd6 12. Qc2 g6 13. Bb2 Qh4 14. Ng3 Bd7
15. Rfe1 Rxe1+ 16. Rxe1 Re8 17. Rxe8+ Bxe8 18. Qe2 Bd7 19. Qe3 f5 20. Qf3 Qf4
21. Qd5+ Kg7 22. Bc4 Qd2 23. Qf7+ Kh6 24. Qxd7 Qxb2 25. Nxf5+ gxf5 26. Qe6+ Kg5
27. h4+ Kxh4 28. Qh6+ Kg4 29. f3+ 1-0

[Event "23rd Abu Dhabi Masters"]
[Site "Abu Dhabi UAE"]
[Date "2016.08.27"]
[Round "7.39"]
[White "Fawzy, Adham"]
[Black "Patil, Pratik"]
[Result "1-0"]
[WhiteTitle "IM"]
[WhiteElo "2440"]
[BlackElo "2216"]
[WhiteFideId "10613129"]
[BlackFideId "5038758"]
[EventDate "2016.08.21"]

1. e4 c5 2. Nf3 e6 3. d4 cxd4 4. Nxd4 a6 5. c4 Nf6 6. Nc3 Qc7 7. a3 b6 8. Be3
Bb7 9. f3 d6 10. Be2 Nbd7 11. Rc1 Be7 12. O-O O-O 13. b4 Rac8 14. Nb3 Qb8 15.
Qe1 Bd8 16. g4 Ne5 17. Na4 Nxc4 18. Rxc4 Rxc4 19. Bxc4 b5 20. Bxb5 axb5 21. Nc3
d5 22. g5 Nh5 23. Nc5 d4 24. Bxd4 Bxg5 25. Be3 Bf4 26. Bxf4 Nxf4 27. Qe3 Bc6 28.
Ne2 Nxe2+ 29. Qxe2 Qa8 30. Qe3 Rd8 31. Rc1 e5 32. Nb3 Bd7 33. Na5 Be6 34. Nc6
Rd6 35. Qc5 Rd3 36. Qxb5 Rxa3 37. Ne7+ Kf8 38. Qc5 Rxf3 39. Nc6+ Kg8 40. Rd1 Bh3
41. Qc4 Be6 42. Qa6 Rf1+ 43. Qxf1 1-0

[Event "23rd Abu Dhabi Masters"]
[Site "Abu Dhabi UAE"]
[Date "2016.08.27"]
[Round "7.40"]
[White "Raja, Harshit"]
[Black "Troff, Kayden W"]
[Result "0-1"]
[BlackTitle "GM"]
[WhiteElo "2354"]
[BlackElo "2522"]
[WhiteFideId "5089000"]
[BlackFideId "2047896"]
[EventDate "2016.08.21"]

1. e4 c5 2. Nf3 d6 3. d4 cxd4 4. Nxd4 Nf6 5. Nc3 a6 6. Bg5 Nbd7 7. Qe2 h6 8. Bh4
b5 9. O-O-O e6 10. f4 g5 11. fxg5 hxg5 12. Bxg5 Bb7 13. e5 dxe5 14. Nf3 Rg8 15.
h4 Qc7 16. Nxe5 Qxe5 17. Qxe5 Nxe5 18. Bxf6 Bh6+ 19. Kb1 Ng4 20. Bd4 Ne3 21.
Bxe3 Bxe3 22. Re1 Bh6 23. a4 bxa4 24. Nxa4 Rc8 25. Rg1 Rg4 26. Nb6 Rc6 27. Nd5
Bg7 28. Ne3 Rb4 29. b3 Rc5 30. Nc4 Bc3 31. Re3 Bd4 32. Bd3 Rbxc4 0-1

[Event "23rd Abu Dhabi Masters"]
[Site "Abu Dhabi UAE"]
[Date "2016.08.27"]
[Round "7.41"]
[White "Mohota, Nisha"]
[Black "Gusain, Himal"]
[Result "1/2-1/2"]
[WhiteTitle "IM"]
[WhiteElo "2257"]
[BlackElo "2453"]
[WhiteFideId "5004330"]
[BlackFideId "5033861"]
[EventDate "2016.08.21"]

1. e4 c5 2. Nf3 e6 3. b3 b6 4. Bd3 Bb7 5. O-O d6 6. Bb2 Nf6 7. e5 dxe5 8. Nxe5
a6 9. a4 g6 10. Qe2 Bg7 11. Na3 O-O 12. f4 Nd5 13. Be4 Qc7 14. Nac4 Nc6 15. Nxc6
Bxb2 16. Nxb2 Bxc6 17. Nd3 Rad8 18. Rae1 Bb7 19. Qf2 Nb4 20. Nxb4 cxb4 21. d3
Bc8 22. Bf3 a5 23. Re5 Bd7 24. Bd1 Bc6 25. h4 Rd5 26. Rfe1 Rfd8 27. h5 Rd4 28.
Qg3 R8d6 29. hxg6 hxg6 30. f5 exf5 31. Re8+ Bxe8 32. Rxe8+ Kg7 33. Qh2 Kf6 34.
Qe5+ Kg5 35. Qg3+ Kf6 36. Qe5+ Kg5 37. Qg3+ Kf6 1/2-1/2

[Event "23rd Abu Dhabi Masters"]
[Site "Abu Dhabi UAE"]
[Date "2016.08.27"]
[Round "7.42"]
[White "Derakhshani, Dorsa"]
[Black "Ramnath, Bhuvanesh R"]
[Result "1-0"]
[WhiteTitle "WIM"]
[BlackTitle "IM"]
[WhiteElo "2405"]
[BlackElo "2307"]
[WhiteFideId "12500330"]
[BlackFideId "5026598"]
[EventDate "2016.08.21"]

1. e4 g6 2. d4 Bg7 3. Nc3 d6 4. Be3 a6 5. Qd2 b5 6. a4 b4 7. Na2 Nf6 8. f3 a5 9.
c3 bxc3 10. Nxc3 O-O 11. Bd3 Nc6 12. Nge2 Nb4 13. O-O Nxd3 14. Qxd3 Ba6 15. Qd2
c6 16. Rfc1 Nd7 17. Rc2 Qb6 18. Nc1 Rfc8 19. Ra3 Qd8 20. Nb3 Qb6 21. Nd1 Bb7 22.
Bf2 Qa6 23. Be1 c5 24. dxc5 Nxc5 25. Nxa5 Qa7 26. Kh1 Qa6 27. Ne3 Bh6 28. b4
Nxa4 29. Rxc8+ Rxc8 30. Rxa4 d5 31. exd5 e6 32. d6 Bd5 33. d7 Rd8 34. Qf2 Rxd7
35. Nxd5 Rxd5 36. Ra1 Qd3 37. Qg1 Bg7 38. Ra2 Bd4 39. Bf2 Bc3 40. Bc5 Re5 41.
Bf2 Rd5 42. Nb3 Qc4 43. Nc1 Bd2 44. Ra1 Re5 45. Ra8+ Kg7 46. Bd4 1-0

[Event "23rd Abu Dhabi Masters"]
[Site "Abu Dhabi UAE"]
[Date "2016.08.27"]
[Round "7.45"]
[White "Mona, Khaled"]
[Black "Ravi, Teja S."]
[Result "0-1"]
[WhiteTitle "WGM"]
[BlackTitle "IM"]
[WhiteElo "2175"]
[BlackElo "2387"]
[WhiteFideId "10605908"]
[BlackFideId "5017220"]
[EventDate "2016.08.21"]

1. d4 d5 2. Nf3 Nf6 3. e3 Bf5 4. c4 c6 5. Qb3 Qb6 6. Nc3 e6 7. Be2 Nbd7 8. O-O
Be7 9. Qd1 h6 10. c5 Qc7 11. b4 e5 12. Bb2 O-O 13. dxe5 Nxe5 14. Nxe5 Qxe5 15.
Bf3 Ne4 16. Bxe4 dxe4 17. Qc2 Rfd8 18. Ne2 Qe6 19. Nf4 Qd7 20. Rfd1 Qe8 21. Nh5
Bf8 22. Rxd8 Rxd8 23. Bf6 Rd5 24. Qb2 Bg6 25. Nf4 gxf6 26. Nxd5 cxd5 27. Rd1 Bf5
28. Rxd5 Be6 29. Rd4 f5 30. Qc2 Bg7 31. Rd1 a6 32. f3 Bd7 33. Qd2 Ba4 34. Qd8
Bf6 35. Qxe8+ Bxe8 36. Rd5 Bc3 37. a3 Bb2 38. Rd8 Kf8 39. Rb8 Bxa3 40. Rxb7 f4
41. exf4 e3 42. f5 Bb5 43. f6 Kg8 44. Rxb5 axb5 45. c6 e2 46. Kf2 Bxb4 47. Kxe2
Bd6 48. h4 Kf8 49. g4 Ke8 50. Kd3 Be5 51. g5 hxg5 52. hxg5 Bf4 53. Kd4 Bxg5 54.
Kc5 Bxf6 55. Kxb5 Kd8 56. Kc5 Kc7 57. Kd5 Be7 58. Ke4 Kxc6 59. Kf4 Kd5 60. Kf5
Bd8 61. Kf4 Ke6 62. Ke4 Bc7 63. Ke3 Kf5 64. Ke2 Kf4 65. Kf2 f5 66. Kg2 Bb6 0-1